LEADER 01355nam a2200265 i 4500 001 000000104850 003 CaOOAMICUS 005 20070508105124.0 008 070508s2005 sp u000 u spa r 020 $a84-8456-415-0 040 $aPUL$bita$dLDB 100 1 $aCebriá, Luis Hernando.$0(OLS)http://pul/name/64419 245 13$aEl contrato de compraventa de empresa :$b(extensión de su régimen jurídico a las cesiones de control y a las modificaciones estructurales de sociedades) /$cLuis Hernando Cebriá. 260 $aValencia :$bTirant Lo Blanch,$c2005. 300 $a718 p. ;$c22 cm 490 1 $aTirant monographias ;$v393 504 $aBibliografia: p. [655]-718. 650 4$aCompravendita (diritto).$0(OLS)http://pul/subject/5705 830 0$aTirant monographias ;$v393.$0(OLS)http://pul/title/100963 850 $aPUL 852 $aPUL$W1$xSL Diritto e Scienze Sociali 3$y79$m338. 7 CEBLH 1$j117433$qDDC 21$B117376$CPULBib$Z2$F117376 $H100424 $82 941 1 $a9 996 $6020$a84-8456-415-0$9(OLS)http://pul/number/134220 996 $6245$aEl contrato de compraventa de empresa :$b(extensión de su régimen jurídico a las cesiones de control y a las modificaciones estructurales de sociedades)$9(OLS)http://pul/title/131884 996 $6260$aValencia :$bTirant Lo Blanch$9(OLS)http://pul/publisher/74622 LEADER 01244nam a2200265 a 4500 001 000000156301 003 CaOOAMICUS 005 20161115172120.0 008 161115s1973 it u000 u ita r 032 $aLibriCat 040 $aPUL$bita 100 1 $aPalanti, Tito.$0(OLS)http://pul/name/24255 245 13$aLa genesi del "Documento di Base" per il rinnovamento della catechesi :$b indagine circa le fonti originali / $cTito Palanti . 260 $aRoma :$b[s.n.],$c1973. 300 $a84 p. ; $c25 cm. 502 $aEstratto di Tesi -- Pontificium Athenaeum S. Anselmi, Facultate Theologica, 1973. 504 $aBibliografia in nota a piè pagina. 650 4$aCatechesi.$0(OLS)http://pul/subject/4492 710 2 $aPontificio ateneo S. Anselmo.$bFacoltà di teologia.$kTesi.$0(OLS)http://pul/name/82348 850 $aPUL 852 $aPUL$W1$xDP1 Tesi Pon. At. S. Anselmo$y29$mTH ANS 150$j179523$qTesi$B182692$CPULBib$Z2$F182692 $H38824 $82 941 1 $a16 996 $6245$aLa genesi del "Documento di Base" per il rinnovamento della catechesi :$b indagine circa le fonti originali / $9(OLS)http://pul/title/195918 996 $6260$aRoma :$b[s.n.]$9(OLS)http://pul/publisher/47958